00746cam a22002291 4500001001300000003000400013005001700017008004100034010001700075035001900092040005000111042001200161050002100173100003300194245012200227250001200349260005100361300005100412650001100463650002500474999001700499w 06000038 DLC20260227112804.0780502s1900 paucf 000 0 eng c aw 06000038  a(OCoLC)3854098 aWashington, D. C. Pub. Libr.cCCCdOCoLCdDLC apremarc00aQL681b.R54 19001 aRidgway, Robert,d1850-1929.12aA manual of North American birds.cBy Robert Ridgway. Illustrated by 464 outline drawings of the generic characters. a4th ed. aPhiladelphia,bJ.B. Lippincott Company,c1900. axiii, 653 p.bfront. (port.) CXXIV pl.c24 cm. 0aBirds. 0aBirdszNorth America c91721d91721